Catálogo público

Actividad antifungica de aceites esenciales de cagetes (Tagetes foetidissima Hor y T. terniflora H.B.K.) e hinojo (Foeniculum vulgare (L.) Mill.) en Fusarium spp. / (Record no. 209145)

MARC details
000 -CABECERA
campo de control de longitud fija 01040nam a2200277Ia 4500
001 - NÚMERO DE CONTROL
campo de control Para_10388
003 - IDENTIFICADOR DEL NÚMERO DE CONTROL
campo de control CHAP
008 - DATOS DE LONGITUD FIJA--INFORMACIÓN GENERAL
campo de control de longitud fija 220125sAbri xx 000 0 und d
010 ## - NÚMERO DE CONTROL DE LA BIBLIOTECA DEL CONGRESO
Número de control de LC 209145
040 ## - FUENTE DE LA CATALOGACIÓN
Centro/agencia transcriptor CHAP
090 ## - LOCALMENTE ASIGNADO TIPO-LC NÚMERO DE CLASIFICACIÓN (OCLC); NÚMERO DE CLASIFICACIÓN LOCAL (RLIN)
Número de clasificación (OCLC) (R) ; Numero de clasificación, CALL (RLIN) (NR) PA CD - TESIS 414
100 ## - ENTRADA PRINCIPAL--NOMBRE DE PERSONA
Nombre de persona León Tolentino, Nuria
9 (RLIN) 129375
245 ## - MENCIÓN DE TÍTULO
Título Actividad antifungica de aceites esenciales de cagetes (Tagetes foetidissima Hor y T. terniflora H.B.K.) e hinojo (Foeniculum vulgare (L.) Mill.) en Fusarium spp. /
Mención de responsabilidad, etc. Nuria León Tolentino; Director Miguel Angel Serrato Cruz
260 ## - PUBLICACIÓN, DISTRIBUCIÓN, ETC.
Lugar de publicación, distribución, etc. Chapingo, Méx. :
Nombre del editor, distribuidor, etc. el autor
300 ## - DESCRIPCIÓN FÍSICA
Extensión 1 CDS ROM (87 p.)
502 ## - NOTA DE TESIS
Nota de tesis Tesis (Ing. Agr. Esp. en Parasitología Agrícola). UACh. Departamento Parasitología Agrícola
700 ## - PUNTO DE ACCESO ADICIONAL--NOMBRE DE PERSONA
Nombre de persona Serrato Cruz, Miguel Angel. Director
9 (RLIN) 175322
710 ## - PUNTO DE ACCESO ADICIONAL--NOMBRE DE ENTIDAD CORPORATIVA
Nombre de entidad corporativa o nombre de jurisdicción como elemento de entrada UACh Departamento Parasitología Agrícola
901 ## - ELEMENTOS DE DATOS A LOCAL LDA (RLIN)
a PA CD - TESIS 414
902 ## - ELEMENTOS DE DATOS B LOCAL, LDB (RLIN)
a A
905 ## - ELEMENTOS DE DATOS E LOCAL, LDE (RLIN)
a 513220Abril, 2015 abnm8100000000 06
910 ## - DATOS DE OPCIÓN DEL USUARIO (OCLC)
Datos de opción del usuario Abri
942 ## - ELEMENTOS DE PUNTO DE ACCESO ADICIONAL (KOHA)
Tipo de ítem Koha Parasitologia_
942 ## - ELEMENTOS DE PUNTO DE ACCESO ADICIONAL (KOHA)
Tipo de ítem Koha Parasitologia_
-- 2
Holdings
Estado de retiro Estado de pérdida Fuente del sistema de clasificación o colocación Estado dañado Restricciones de uso No para préstamo Código de colección Localización permanente Ubicación/localización actual Ubicación en estantería Fecha de adquisición Información codificada de la localización en otra ubicación Total de préstamos Código de barras Fecha visto por última vez Número de copia Precio válido a partir de Tipo de ítem Koha Nota pública
    Clasificación Universidad Autónoma de Chapingo   Préstamo interno   Tesis Parasitologia Agricola Parasitologia Agricola   20/10/2015 PARA   PA_010597 25/01/2022 1 25/01/2022 Tesis digital 3